000 00397nam a2200133Ia 4500
005 20260328104338.0
008 260328s9999||||xx |||||||||||||| ||und||
100 _aVergara, Francisco
245 0 _aEl Lote 9x18, en la encrucijada habitacional de hoy . /
_cFrancisco Vergara
260 _bfacultad de arquitectura y bellas artes ,Chile
300 _a139 p.
650 _aARQUITECTURA
942 _cBK
999 _c12006
_d12006